Highest Grossing Movie Franchises - Statistics

General Stats
  • This quiz has been taken 203 times
    175 since last reset
  • The average score is 34 of 100
Answer Stats
First Movie Release Date Last Movie Release Date Number of Movies Box Office Franchise % Correct
25th May 1977 20th December 2019 11 $10,249,557,891 Star Wars
98%
4th May 2012 26th April 2019 4 $7,768,000,000 Avengers
85%
16th November 2001 15th July 2011 8 $7,776,602,036 Harry Potter
81%
3rd May 2002 7th October 2022 10 $6,363,533,599 Spider-Man
79%
30th July 1966 4th March 2022 12 $4,908,190,000 Batman
77%
19th December 2001 17th December 2003 3 $2,991,216,079 Lord of the Rings
77%
2nd May 2008 3rd May 2013 3 $2,424,700,000 Iron Man
75%
5th October 1962 30th September 2021 27 $7,128,200,000 James Bond
73%
15th December 1978 25th March 2016 8 $2,553,521,146 Superman
71%
22nd June 2011 6th May 2016 3 $2,238,000,000 Captain America
67%
6th May 2011 6th May 2022 4 $1,948,100,000 Thor
67%
9th June 2006 16th June 2017 5 $1,724,169,837 Cars
65%
11th June 1993 10th June 2022 6 $5,002,330,851 Jurassic Park
63%
22nd June 2001 25th June 2021 10 $6,391,494,632 Fast & Furious
62%
22nd November 1995 21st June 2019 4 $3,043,569,798 Toy Story
62%
25th May 1979 19th May 2017 8 $1,659,983,883 Alien
60%
18th May 2001 21st May 2010 4 $3,510,794,482 Shrek
60%
7th December 1979 22nd July 2016 13 $2,273,546,672 Star Trek
60%
14th December 2012 17th December 2014 3 $2,938,193,946 The Hobbit
60%
12th June 1981 29th July 2022 5 $1,987,858,990 Indiana Jones
58%
9th July 2010 30th June 2017 3 $2,548,675,279 Despicable Me
50%
1st August 2014 5th May 2023 3 $1,636,600,000 Guardians of the Galaxy
48%
22nd May 1996 7th July 2023 8 $3,570,477,227 Mission: Impossible
48%
26th October 1984 1st November 2019 6 $2,105,645,171 Terminator
48%
23rd March 2012 20th November 2015 5 $2,968,191,442 The Hunger Games
48%
8th August 1986 24th June 2022 8 $4,853,126,073 Transformers
46%
14th July 2000 7th June 2019 7 $3,061,275,291 X-Men
46%
21st November 2008 16th November 2012 5 $3,359,727,983 Twilight
44%
9th November 1984 30th April 2010 9 $474,286,716 A Nightmare on Elm Street
42%
9th May 1980 13th February 2009 12 $468.240,000 Friday the 13th
42%
3rd November 1954 31st March 2021 36 $2,407,203,717 Godzilla
42%
25th October 1978 14th October 2022 13 $642,316,358 Halloween
40%
7th April 1933 31st March 2021 9 $1,722,926,200 King Kong
40%
29th October 2004 14th May 2021 9 $1,013,077,740 Saw
40%
31st March 1999 22nd December 2021 4 $1,632,989,142 The Matrix
40%
27th November 2013 22nd November 2019 2 $2,730,829,215 Frozen
38%
5th November 2004 15th June 2018 2 $1,875,805,748 The Incredibles
38%
17th July 2015 17th February 2023 3 $1,142,000,000 Ant-Man
37%
20th June 2003 13th June 2008 2 $510,200,000 Hulk
37%
15th March 2002 22nd July 2016 5 $3,216,708,553 Ice Age
37%
3rd December 1976 23rd November 2022 9 $1,657,482,058 Rocky
37%
3rd July 1985 25th May 1990 3 $970,381,382 Back to the Future
35%
12th February 2016 18th May 2018 2 $1,568,159,899 Deadpool
35%
18th November 2016 15th April 2022 3 $1,468,900,000 Fantastic Beasts
35%
30th May 2003 17th June 2016 2 $1,967,699,862 Finding Nemo
35%
14th June 2002 29th July 2016 5 $1,636,988,243 Jason Bourne
35%
6th June 2008 29th January 2016 3 $1,817,258,332 Kung Fu Panda
35%
9th July 2003 26th May 2017 5 $4,524,358,182 Pirates of the Caribbean
35%
20th December 1996 14th January 2022 5 $608,558,434 Scream
35%
15th July 1988 14th February 2013 5 $1,435,086,362 Die Hard
33%
20th June 1975 17th July 1987 4 $798,415,075 Jaws
33%
2nd July 1997 14th June 2019 4 $1,909,126,819 Men in Black
33%
26th March 2010 22nd February 2019 3 $1,636,312,926 How to Train Your Dragon
31%
15th June 1994 19th July 2019 4 $2,625,300,000 The Lion King
31%
15th March 1972 25th December 1990 3 $512,401,780 Godfather
29%
8th July 2005 7th August 2015 3 $787,605,078 Fantastic Four
27%
27th May 2005 8th June 2012 3 $1,883,502,299 Madagascar
27%
12th June 1987 14th September 2018 6 $750,763,118 Predator
27%
1st May 2009 3rd March 2017 3 $1,406,912,546 Wolverine
27%
10th July 2015 1st July 2022 2 $1,159,398,397 Minions
25%
3rd April 1968 14th July 2017 9 $2,205,320,020 Planet of the Apes
25%
22nd October 1982 20th September 2019 5 $819,363,590 Rambo
25%
2nd November 2001 21st June 2013 2 $1,306,110,769 Monsters, Inc.
23%
19th July 2013 4th June 2021 3 $843,435,696 The Conjuring
23%
8th September 2017 6th September 2019 2 $1,174,900,000 It
19%
15th December 1995 13th December 2019 4 $2,089,296,296 Jumanji
19%
10th August 1960 8th June 2018 5 $1,422,492,765 Ocean's
19%
11th October 1974 20th October 2017 8 $252,391,201 The Texas Chainsaw Massacre
19%
8th June 1984 19th November 2021 4 $739,754,714 Ghostbusters
17%
12th April 1979 24th May 2024 6 $547,000,000 Mad Max
17%
7th July 2000 12th April 2013 5 $896,555,030 Scary Movie
17%
24th October 2014 27th May 2022 4 $587,011,275 John Wick
15%
9th December 2005 10th December 2010 3 $1,580,364,900 The Chronicles of Narnia
15%
7th May 1999 9th June 2017 4 $1,664,800,000 The Mummy
15%
9th November 1988 21st June 2019 8 $339,973,000 Child's Play
13%
17th March 2000 12th August 2011 5 $665,080,639 Final Destination
13%
1st April 2011 5th January 2018 4 $539,400,510 Insidious
13%
18th July 1998 25th December 2020 24 $1,837,810,724 Pokémon
13%
13th August 2010 15th August 2014 3 $804,103,926 The Expendables
13%
7th February 2014 8th February 2019 4 $1,096,499,139 The LEGO Movie
13%
3rd October 2014 26th June 2019 3 795,347,757 Annabelle
12%
28th September 2012 14th January 2022 4 $1,361,759,377 Hotel Transylvania
12%
5th August 2016 30th July 2021 2 $913,400,000 Suicide Squad
12%
30th January 2009 9th January 2015 3 $929,451,015 Taken
12%
16th June 1960 4th December 1998 6 $118,377,261 Psycho
8%
8th July 2016 7th June 2019 2 $1,303,504,192 The Secret Life of Pets
8%
2nd November 2012 21st November 2018 2 $1,000,424,342 Wreck-It Ralph
8%
2nd May 1997 26th July 2002 3 $676,356,278 Austin Powers
6%
25th June 1982 6th October 2017 2 $292,108,601 Blade Runner
6%
15th August 1986 9th February 2007 5 $924,300,000 Hannibal Lecter
6%
11th October 2002 4th September 2015 4 $310,705,790 Transporter
6%
7th August 2009 23rd July 2021 3 $715,109,722 G.I. Joe
4%
11th April 2003 5th October 2018 3 $479,632,380 Johnny English
4%
28th October 2011 23rd September 2022 2 $554,987,477 Puss in Boots
4%
2nd July 1971 14th June 2019 5 $153,112,181 Shaft
4%
31st March 2017 2nd July 2021 2 $605,258,741 The Boss Baby
4%
9th April 2004 19th July 2013 3 $156,702,453 Three Flavours Cornetto Trilogy
4%
22nd March 2013 25th November 2020 2 $803,111,134 The Croods
2%
15th November 1996 16th July 2021 2 $422,100,000 Space Jam
0%
21st November 2000 18th January 2019 3 $773,571,518 The Unbreakable Trilogy
0%
No matching quizzes found
Score Distribution
Percent of People with Each Score
Percentile by Number Answered
Your Score History
You have not taken this quiz since the last reset